<?xml version="1.0" encoding="UTF-8"?>
<record
    xmlns:xsi="http://www.w3.org/2001/XMLSchema-instance"
    xsi:schemaLocation="http://www.loc.gov/MARC21/slim http://www.loc.gov/standards/marcxml/schema/MARC21slim.xsd"
    xmlns="http://www.loc.gov/MARC21/slim">

  <leader>03802nam a2200529Ia 4500</leader>
  <controlfield tag="001">1549</controlfield>
  <controlfield tag="008">241029s9999    xx            000 0 und d</controlfield>
  <datafield tag="010" ind1=" " ind2=" ">
    <subfield code="a">1446</subfield>
  </datafield>
  <datafield tag="041" ind1=" " ind2=" ">
    <subfield code="a">Espa&#xF1;ol</subfield>
  </datafield>
  <datafield tag="082" ind1=" " ind2=" ">
    <subfield code="a">MAED 2000-09.</subfield>
  </datafield>
  <datafield tag="245" ind1=" " ind2="0">
    <subfield code="a">L&#xED;mites de la Funci&#xF3;n Educadora de la Escuela y la Familia, en el Centro Escolar Gregorio Luper&#xF3;n del Distrito 11-02 del Municipio de Puerto Plata</subfield>
  </datafield>
  <datafield tag="260" ind1=" " ind2=" ">
    <subfield code="a">Puerto Plata</subfield>
  </datafield>
  <datafield tag="300" ind1=" " ind2=" ">
    <subfield code="a">107</subfield>
  </datafield>
  <datafield tag="520" ind1=" " ind2=" ">
    <subfield code="a">36</subfield>
  </datafield>
  <datafield tag="630" ind1=" " ind2=" ">
    <subfield code="a">Administraci&#xF3;n Escolar</subfield>
  </datafield>
  <datafield tag="630" ind1=" " ind2=" ">
    <subfield code="a">Comunidad Educativa</subfield>
  </datafield>
  <datafield tag="650" ind1=" " ind2=" ">
    <subfield code="a">Administraci&#xF3;n de la Educaci&#xF3;n</subfield>
  </datafield>
  <datafield tag="690" ind1=" " ind2=" ">
    <subfield code="a">Copiado sin cambios</subfield>
  </datafield>
  <datafield tag="700" ind1=" " ind2=" ">
    <subfield code="e">asesor</subfield>
    <subfield code="a">No, Aplica</subfield>
  </datafield>
  <datafield tag="700" ind1=" " ind2=" ">
    <subfield code="e">autor</subfield>
    <subfield code="a">Castillo Gonz&#xE1;lez., Mar&#xED;a Magdalena</subfield>
  </datafield>
  <datafield tag="901" ind1=" " ind2=" ">
    <subfield code="a">{"1":"Castillo Gonz&#xE1;lez."}</subfield>
    <subfield code="b">{"1":"Mar&#xED;a Magdalena"}</subfield>
  </datafield>
  <datafield tag="902" ind1=" " ind2=" ">
    <subfield code="a">1</subfield>
  </datafield>
  <datafield tag="903" ind1=" " ind2=" ">
    <subfield code="a">{"1":"No"}</subfield>
    <subfield code="b">{"1":"Aplica"}</subfield>
  </datafield>
  <datafield tag="904" ind1=" " ind2=" ">
    <subfield code="a">Maestr&#xED;a en</subfield>
  </datafield>
  <datafield tag="905" ind1=" " ind2=" ">
    <subfield code="a">Administraci&#xF3;n de la Educaci&#xF3;n</subfield>
  </datafield>
  <datafield tag="906" ind1=" " ind2=" ">
    <subfield code="a">2</subfield>
  </datafield>
  <datafield tag="907" ind1=" " ind2=" ">
    <subfield code="a">NO APLICA</subfield>
  </datafield>
  <datafield tag="908" ind1=" " ind2=" ">
    <subfield code="a">NO APLICA</subfield>
  </datafield>
  <datafield tag="909" ind1=" " ind2=" ">
    <subfield code="a">Pontificia Universidad Cat&#xF3;lica Madre y Maestra (PUCMM), Recinto Santiago</subfield>
  </datafield>
  <datafield tag="910" ind1=" " ind2=" ">
    <subfield code="a">NULL</subfield>
    <subfield code="b">NULL</subfield>
  </datafield>
  <datafield tag="911" ind1=" " ind2=" ">
    <subfield code="a">["1"]</subfield>
  </datafield>
  <datafield tag="912" ind1=" " ind2=" ">
    <subfield code="a">NO APLICA</subfield>
  </datafield>
  <datafield tag="913" ind1=" " ind2=" ">
    <subfield code="a">NULL</subfield>
  </datafield>
  <datafield tag="914" ind1=" " ind2=" ">
    <subfield code="a">10 de Enero de 2000</subfield>
  </datafield>
  <datafield tag="915" ind1=" " ind2=" ">
    <subfield code="a">NULL</subfield>
  </datafield>
  <datafield tag="916" ind1=" " ind2=" ">
    <subfield code="a">NULL</subfield>
  </datafield>
  <datafield tag="917" ind1=" " ind2=" ">
    <subfield code="a">NULL</subfield>
  </datafield>
  <datafield tag="918" ind1=" " ind2=" ">
    <subfield code="a">NO APLICA</subfield>
  </datafield>
  <datafield tag="919" ind1=" " ind2=" ">
    <subfield code="a">["11","45"]</subfield>
  </datafield>
  <datafield tag="520" ind1=" " ind2=" ">
    <subfield code="a">El estudio es de tipo descriptivo. La muestra seleccionada const&#xF3; del director del centro, 12 maestros(as), 300 alumnos y 10 miembros de la Asociaci&#xF3;n. Para cada grupo se emple&#xF3; un cuestionario distinto.Entre los hallazgos principales est&#xE1;n: De los maestros encuestados ninguno tiene t&#xED;tulo a nivel de licenciatura, s&#xF3;lo hay con t&#xED;tulo de maestro normal y profesorado; otros no tienen t&#xED;tulo acad&#xE9;mico. Lo expresado por los alumnos con relaci&#xF3;n a la escuela, dijeron que su labor es buena, esto confirma que existe una labor conjunta escuela-familia, la familia ha entendido que ella es parte fundamental en el proceso educativo. La educaci&#xF3;n hace suya la funci&#xF3;n educadora de la familia y la escuela como algo inherente al proceso educativo, su prop&#xF3;sito es buscar que la escuela y la familia vayan de la mano en el desarrollo del individuo como eje central del proceso ense&#xF1;anza-aprendizaje.La funci&#xF3;n principal de la escuela es incentivar a los alumnos(as) al inter&#xE9;s por el conocimiento, presentando programas de estudios actualizados, buscar una metodolog&#xED;a din&#xE1;mica y recursos educativos en consonancia con la educaci&#xF3;n actual, entendiendo ella como formadora que el &#xE9;xito escolar no se define igual para todos los alumnos(as). Es necesario que la escuela y la familia mantengan una continua comunicaci&#xF3;n, familia-escuela sea la solidaridad, honestidad, respeto y la responsabilidad proporcionando a los alumnos (as) y docentes satisfacci&#xF3;n al poner sus habilidades al servicio de la comunidad.El 60% de los padres se integran a la escuela y el restante 40% lo hace de manera irregular, por lo que los padres deben tener conciencia de que son ellos y sus hijos los beneficiarios de la funci&#xF3;n educadora de la escuela y que a mayor integraci&#xF3;n de ellos mayor ser&#xE1; el &#xE9;xito escolar.Los estudiantes fueron cuestionados sobre c&#xF3;mo consideran la labor que realiza la escuela con los alumnos(as): el 80% contest&#xF3; que bueno y muy bueno, el 11.4% como regular y 8.4% contest&#xF3; que p&#xE9;sima es la labor que realiza la escuela con los estudiantes. Consideraciones de los estudiantes con relaci&#xF3;n a la ayuda que recibe de su maestro(a) cuando tiene problema; el 66.5% contest&#xF3; que siempre y casi siempre recibe ayuda, el 18.0% expres&#xF3; que a veces y 15.6% que casi nunca y nunca reciben ayuda del maestro(a) cuando le sucede algo.</subfield>
  </datafield>
  <datafield tag="921" ind1=" " ind2=" ">
    <subfield code="a">11</subfield>
  </datafield>
  <datafield tag="922" ind1=" " ind2=" ">
    <subfield code="a">11</subfield>
  </datafield>
  <datafield tag="923" ind1=" " ind2=" ">
    <subfield code="a">0</subfield>
  </datafield>
  <datafield tag="924" ind1=" " ind2=" ">
    <subfield code="a">NO APLICA</subfield>
  </datafield>
  <datafield tag="942" ind1=" " ind2=" ">
    <subfield code="c">Tesis</subfield>
  </datafield>
  <datafield tag="999" ind1=" " ind2=" ">
    <subfield code="c">1446</subfield>
    <subfield code="d">1446</subfield>
  </datafield>
</record>
